000 01900nam a2200265 4500
005 20180709111058.0
008 180709s1933 ck a|||fr|||| 001 0dspa d
040 _aCO-BoUCM
_bspa
_cSandra Yazo (modificó)
_dSandra Yazo (modificó)
041 0 _aspa
082 0 4 _220
_a851.1
092 _aE47N004
100 1 _aAndrade Valderrama, José Celestino
_d1898-
_992982
245 1 3 _aEl vate de la raza
_bAltísimo poeta humano. Cantor clásico y romántico
_cJosé C. Andrade
246 _aVirgilio poeta de Roma
260 _aBogotá (Colombia)
_bImp. de C. de Jesús
_c1933
300 _a112 páginas
_c17 x 12 cm
500 _aDetalles físicos: Encuadernación rígida (holandesa) en cartón forrado en papel jaspeado. Lomo de tela texturizada, con adornos en dorado. Guardas. Conserva guarda delantera original con datos de publicación impresos y a color, en cartulina, firma J. I. Castillo Tovar. Hoja de cortesía; al verso, fotografía con estatua de Virgilio. Anteportada, con una anotación de donación. Portada impresa en una sola tinta enmarcada en doble recuadro. Dedicatoria. Bibliografía. Prólogo. Texto impreso en una sola columna, con diferentes tipos de letra. Notas de pie de página. Ilustraciones y fotografías (blanco y negro) fuera del texto. Índice. Tapa posterior con deterior en esquina superior
505 0 _aDatos biográficos ; Época literaria de Virgilio ; Influjo literario ; Imitador genial en las Églogas ; Artista creador en las Geórgicas ; Vate inspirado e independiente en la Eneida ; Homero y Virgilio ; El alma en el estilo de Virgilio ; Poema a Virgilio
506 _aConsulta en sala
600 7 _984924
_aVirgilio Maron, Publio
_d70 a.C.-19 a.C.
_xCrítica e interpretación, etc.
650 7 _97796
_aLiteratura Latina
650 7 _921876
_aPoetas latinos
690 _aLiteratura europea
_926524
942 _2LOCAL
_cLIBRO
_e1
_hE47N004
999 _c310144
_d310144